Η αρχή και το τέλος

Αποθηκεύτηκε σε:
Λεπτομέρειες βιβλιογραφικής εγγραφής
Κύριος συγγραφέας: Mahfuz, Najib, 1911-2006
Μορφή: Βιβλίο
Γλώσσα:Greek
Arabic
Δημοσίευση: Αθήνα : Ψυχογιός, 1990.
Θέματα:
Ετικέτες: Προσθήκη ετικέτας
Δεν υπάρχουν, Καταχωρήστε ετικέτα πρώτοι!

MARC

LEADER 00000nam a2200000 a 4500
001 1/125510
008 221018s1990####gr | ||| |||| ||gre||
020 |a 9607021711 
040 |a GR-MyUa  |b gre  |c GR-MyUa  |e AACR2 
041 1 |a gre  |h ara 
082 7 |a 892.73   |2 (23) 
100 1 |a Mahfuz, Najib,   |d 1911-2006 . 
245 1 2 |a Η αρχή και το τέλος /   |c Ναγκίμπ Μαχφούζ ; μετάφραση: Άχμετ Έτμαν. 
260 |a Αθήνα :   |b Ψυχογιός,   |c 1990. 
300 |a 414 σ. ;   |c 21 εκ. 
500 |a Τίτλος πρωτοτύπου: Bidaya wa nihaya. 
650 0 |a Arabic fiction. 
852 |a INST  |b SYROS  |e 20221017  |h 892.73 MAH  |p 005500015626  |q 005500015626  |t BK  |y 0 
970 |a Κοντού  |b Παρσκευή  |z 18/10/2022